Обществознание. Ч. 2 (Запись № 13548893)
[ простой вид ]
| 000 -МАРКЕР | |
|---|---|
| контрольное поле | 02242nam2a2200253 4500 |
| 001 - ИДЕНТИФИКАТОР ЗАПИСИ | |
| контрольное поле | RU\NLR\BIBL_A\022719942 |
| 005 - ИДЕНТИФИКАТОР ВЕРСИИ | |
| контрольное поле | 20260216142401.0 |
| 010 ## - МЕЖДУНАРОДНЫЙ СТАНДАРТНЫЙ НОМЕР КНИГИ (ISBN) | |
| Номер (ISBN) | 978-5-0054-3049-6 |
| Уточнения | ч. 2 |
| Тираж | 1500 |
| 021 ## - НОМЕР ГОСУДАРСТВЕННОЙ РЕГИСТРАЦИИ | |
| Код страны | Российская Федерация |
| Номер | КН-П-25-077967 |
| Номер Листа государственной регистраци | КН-П-25-7561 |
| 035 ## - ДРУГИЕ СИСТЕМНЫЕ НОМЕРА | |
| Идентификатор записи | (NLR Aleph) 022719942 |
| 100 ## - ДАННЫЕ ОБЩЕЙ ОБРАБОТКИ | |
| Данные общей обработки | 20260205d2026 u y0rusy50 ca |
| 101 0# - ЯЗЫК РЕСУРСА | |
| Язык текста, звукозаписи и т.д. | русский |
| 102 ## - СТРАНА ПУБЛИКАЦИИ ИЛИ ПРОИЗВОДСТВА | |
| Страна публикации | Российская Федерация |
| 105 ## - ПОЛЕ КОДИРОВАННЫХ ДАННЫХ: ТЕКСТОВЫЕ МАТЕРИАЛЫ, МОНОГРАФИЧЕСКИЕ | |
| Кодированные данные о монографическом текстовом документе | ac j 000yy |
| 200 0# - ЗАГЛАВИЕ И СВЕДЕНИЯ ОБ ОТВЕТСТВЕННОСТИ | |
| Основное заглавие | Ч. 2 |
| 210 ## - ПУБЛИКАЦИЯ, РАСПРОСТРАНЕНИЕ И ДР. | |
| Дата издания, распространения и т.д. | 2026 (печ. 2025) |
| 215 ## - ФИЗИЧЕСКАЯ ХАРАКТЕРИСТИКА | |
| Специфическое обозначение материала и объем | 269, [2] с. |
| Другие сведения о физической характеристике | ил., цв. ил., портр., табл. |
| 320 ## - ПРИМЕЧАНИЯ О НАЛИЧИИ В ДОКУМЕНТЕ БИБЛИОГРАФИИ / УКАЗАТЕЛЯ | |
| Текст примечания | Библиогр. в конце кн. |
| 461 #0 - УРОВЕНЬ НАБОРА | |
| Встроенное поле | 001RU\NLR\BIBL_A\022718991 |
| -- | 2001#$aОбществознание$eбазовый уровень$eучебное пособие для образовательных организаций, реализующих образовательные программы среднего профессионального образования$eв соответствии с требованиями федеральных государственных образовательных стандартов среднего общего и среднего профессионального образования$eв двух частях$fА. Г. Важенин$vЧ. 2 |
| -- | 700#1$aВаженин$bА. Г.$cканд. ист. наук$gАлексей Геннадьевич$3RU\NLR\AUTH\770147028 |
| Системный номер (АБИС) связанной записи | 13552929 |
| Автор | Важенин, А. Г. (канд. ист. наук) |
| Место публикации | Москва |
| Дата публикации | 2026 |
| Первые сведения об ответственности | А. Г. Важенин |
| Имя издателя, распространителя и т.д. | Академия |
| Сведения, относящиеся к заглавию | базовый уровень : учебное пособие для образовательных организаций, реализующих образовательные программы среднего профессионального образования : в соответствии с требованиями федеральных государственных образовательных стандартов среднего общего и среднего профессионального образования : в двух частях |
| Заглавие | Обществознание |
| ISBN | 978-5-0054-3047-2 |
| Номер тома | Ч. 2 |
| 942 ## - ДОПОЛНИТЕЛЬНЫЕ ЭЛЕМЕНТЫ ЗАПИСИ (АБИС) | |
| Тип экземпляра АБИС | Книга |
| 980 ## - КОЛЛЕКЦИЯ | |
| Название коллекции | Национальная библиография |
Нет доступных экземпляров.